| 000 | 00552nam a2200193Ia 4500 | ||
|---|---|---|---|
| 003 | GCL | ||
| 008 | 140319s9999 xx 000 0 eng d | ||
| 040 |
_aGCL / _cGCL |
||
| 082 | 0 | 4 |
_a709.4323 _bM G |
| 100 | 1 | _aMETROPOLITAN MUSEUM OF ART, NEW YORK | |
| 245 | 1 | 0 |
_aGOTHIC AND RENAISSANCE ART IN NURENBERG 1300 - 1550 / _cMETROPOLITAN MUSEUM OF ART, NEW YORK |
| 260 |
_a[S.N] : _bPRESTEL- VERLAG ، _c1986 |
||
| 300 | _a499 PP | ||
| 650 | 0 | 4 | _aARTS |
| 650 | 0 | 4 | _aPAINTING |
| 650 | 0 | 4 | _aART, GOTHIC |
| 650 | 0 | 4 | _aRENAISSANCE PERIOD |
| 942 |
_2ddc _cBK |
||
| 999 |
_c19007 _d19007 |
||